世局借鏡猶太史,走出台灣自己的路
| 資料類型: | 圖書 | 書目號: | 3607 |
Leader xxxxxxxxxx 001 __ PCLIS00003607 005 __ 20230117095314.0 010 __ |a978-986-133-939-9|b精裝|d690 101 __ |achi 200 __ |a世局借鏡猶太史,走出台灣自己的路|e|f黃文局等人著 205 __ |a 210 __ |a臺北市|c圓神出版|d2024.11 215 __ |a512|c|d 225 __ |a|v 300 __ |a 681 __ |a536.87 700 __ |a黃|b文局等人|4著 702 __ |a|b|4 801 _0 |atw|b內湖高中|c20010622 |